000 00292nam a22001337a 4500
008 170315b xxu||||| |||| 00| 0 eng d
020 _a0061412635
041 _aeng
080 _24 ED
_a611
100 _a7
101 _aSHM
245 _aTEXTBOOK ANATOMY
_cHOLLINSHEAD.W.H
942 _2udc
_cBK
999 _c7836
_d7836